FC Barcelona Squad 2014-2015 - Statistics

General Stats
  • This quiz has been taken 234 times
  • The average score is 19 of 24
Answer Stats
# Position Nation Player % Correct
3 DF Spain Gerard Piqué
100%
10 FW Argentina Lionel Messi
100%
9 FW Uruguay Luis Suárez
100%
1 GK Germany Marc-André ter Stegen
100%
11 FW Brazil Neymar
100%
8 MF Spain Andrés Iniesta
97%
4 MF Croatia Ivan Rakitić
97%
5 MF Spain Sergio Busquets
96%
6 MF Spain Xavi Hernández
95%
13 GK Chile Claudio Bravo
93%
18 DF Spain Jordi Alba
92%
22 DF Brazil Dani Alves
88%
14 MF Argentina Javier Mascherano
86%
- Coach Spain Luis Enrique
85%
7 FW Spain Pedro Rodríguez
79%
20 MF Spain Sergi Roberto
73%
12 MF Brazil Rafinha
67%
23 DF Belgium Thomas Vermaelen
62%
24 DF France Jérémy Mathieu
59%
21 DF Brazil Adriano Correia
53%
15 DF Spain Marc Bartra
50%
25 GK Spain Jordi Masip
41%
2 DF Spain Martín Montoya
34%
16 DF Brazil Douglas Pereira
31%
No matching quizzes found
Score Distribution
Percent of People with Each Score
Percentile by Number Answered
Your Score History
You have not taken this quiz